1754 1989 1354 1165 1057 1727 1715 1007 1439 1267 1867 1081 1218 1981 1499 1237 1198 1687 1140 1899 1183 1640 1567 1864 1538 1799 1971 1358 1126 1718 1624 1878 1182 1374 1416 1521 1899 1498 1809 1472 1493 1752 1150 1651 1449 1902 1325 1895 1343 1830 1543 1359 1511 1908 1218 1667 1649 1174 1529 1075 1194 1051 1755 1025 1215 1858 1205 1200 1073 1036 1486 1003 1122 1935 1001 1629 1987 1715 1626 1840 1595 1600 1914 1516 1907 1278 1255 1528 1459 1028 1471 1656 1336 1199 1110 1803 1736 1505 1202 BCNSPRNW ULIB Ver.6.0+V

เปลี่ยนเป็นภาษาไทย

Change to English
 แสดงรายละเอียดบรรณานุกรม
  กลับหน้าหลัก

Brief Record : Get Marc (ISO 2709) : E-mail record : QR code < ปิดหน้าต่าง
LEADER : 00000nas 2200000uu 4500
001    13399123698
003     ULIB
008    020711s2000 th a 000 0 tha d
022    9781582550831
060    WY39^bD611
245    Diseases
260     ^bม.ป.ท.,^c2000
945    ^p0^l0^i014687
รายการนี้ยังไม่มีแท็ก
คุณยังไม่ได้ล็อกอิน คุณสามารถมีกิจกรรมร่วมกับเว็บไซต์ได้ แต่ต้องล็อกอินก่อน ::
  ล็อกอิน

รายการสื่อสารสนเทศ (วารสาร)

ดูแบบ: กล่อง รายการ
ARRIVED
ฉ.1
สถานที่: ห้องสมุดวิทยาเขตสวรรค์ประชารักษ์ >หนังสือทั่วไป
รายการใกล้เคียง
    ชื่อเรื่อง [Diseases]

BibComment


ยังไม่เคยถูกคอมเมนท์

คอมเมนท์ทรัพยากรรายการนี้
  คอมเมนท์: Diseases


 Copyright 2026. Bcnsprnw @Library